10 Biggest Cities by Austrian State - Statistics

General Stats
  • This quiz has been taken 15 times
  • The average score is 23 of 80
Answers on the Map
Answers color-coded by a green-red scale on the quiz's map according to % correct below.
 
Answer Stats
State Population Answer % Correct
Styria ~307,000 Graz
92%
Salzburg ~157,900 Salzburg
92%
Tyrol ~132,800 Innsbruck
83%
Upper Austria ~214,500 Linz
83%
Carinthia ~105,800 Klagenfurt am Wörthersee
75%
Vorarlberg ~29,300 Bregenz
58%
Burgenland ~16,400 Eisenstadt
58%
Lower Austria ~60,100 Sankt Pölten
58%
Carinthia ~66,100 Villach
58%
Lower Austria ~50,100 Wiener Neustadt
58%
Lower Austria ~26,100 Baden
50%
Vorarlberg ~52,300 Dornbirn
50%
Lower Austria ~21,500 Schwechat
50%
Upper Austria ~65,800 Wels
50%
Lower Austria ~24,000 Amstetten
42%
Upper Austria ~17,600 Braunau am Inn
42%
Vorarlberg ~36,600 Feldkirch
42%
Tyrol ~11,100 Imst
42%
Lower Austria ~25,600 Krems an der Donau
42%
Tyrol ~20,100 Kufstein
42%
Styria ~24,500 Leoben
42%
Tyrol ~12,100 Lienz
42%
Salzburg ~10,200 Zell am See
42%
Vorarlberg ~15,000 Bludenz
33%
Styria ~15,600 Bruck an der Mur
33%
Tyrol ~14,600 Hall in Tirol
33%
Lower Austria ~28,200 Klosterneuburg
33%
Vorarlberg ~24,700 Lustenau
33%
Lower Austria ~20,700 Mödling
33%
Burgenland ~8,900 Neusiedl am See
33%
Burgenland ~8,100 Oberwart
33%
Carinthia ~15,300 Spittal an der Drau
33%
Upper Austria ~37,900 Steyr
33%
Carinthia ~25,000 Wolfsberg
33%
Upper Austria ~14,100 Bad Ischl
25%
Salzburg ~10,800 Bischofshofen
25%
Upper Austria ~13,200 Gmunden
25%
Vorarlberg ~12,400 Götzis
25%
Styria ~21,800 Kapfenberg
25%
Upper Austria ~29,200 Leonding
25%
Burgenland ~5,300 Parndorf
25%
Salzburg ~17,400 Saalfelden am Steinernen Meer
25%
Tyrol ~14,400 Wörgl
25%
Upper Austria ~18,200 Ansfelden
17%
Styria ~13,400 Feldbach
17%
Styria ~12,800 Gratwein-Straßengel
17%
Salzburg ~21,600 Hallein
17%
Vorarlberg ~13,800 Hard
17%
Styria ~13,400 Leibnitz
17%
Burgenland ~7,600 Mattersburg
17%
Tyrol ~9,600 Rum
17%
Salzburg ~11,600 Sankt Johann im Pongau
17%
Tyrol ~9,900 Sankt Johann in Tirol
17%
Carinthia ~12,200 Sankt Veit an der Glan
17%
Tyrol ~14,600 Schwaz
17%
Styria ~12,300 Seiersberg-Pirka
17%
Tyrol ~16,500 Telfs
17%
Upper Austria ~25,400 Traun
17%
Carinthia ~9,200 Velden am Wörther See
17%
Carinthia ~10,800 Völkermarkt
17%
Salzburg ~14,500 Wals-Siezenheim
17%
Carinthia ~14,600 Feldkirchen in Kärnten
8%
Carinthia ~9,600 Finkenstein am Faaker See
8%
Vorarlberg ~17,700 Hohenems
8%
Styria ~12,800 Knittelfeld
8%
Vorarlberg ~10,700 Lauterach
8%
Upper Austria ~14,900 Marchtrenk
8%
Burgenland ~5,900 Pinkafeld
8%
Vorarlberg ~12,200 Rankweil
8%
Salzburg ~11,700 Seekirchen am Wallersee
8%
Lower Austria ~17,400 Stockerau
8%
Lower Austria ~19,000 Traiskirchen
8%
Burgenland ~3,900 Gols
0%
Burgenland ~4,100 Jennersdorf
0%
Burgenland ~3,900 Kittsee
0%
Salzburg ~7,600 Kuchl
0%
Burgenland ~5,000 Neudörfl
0%
Carinthia ~9,800 Sankt Andrä
0%
Salzburg ~8,200 Straßwalchen
0%
Styria ~12,200 Weiz
0%
No matching quizzes found
Score Distribution
Percent of People with Each Score
Percentile by Number Answered
Your Score History
You have not taken this quiz